Mechanics of materials (Record no. 6027)

000 -LEADER
fixed length control field 00600nam a2200229 i 4500
001 - CONTROL NUMBER
control field 6027
003 - CONTROL NUMBER IDENTIFIER
control field BD-DhUET
008 - FIXED-LENGTH DATA ELEMENTS--GENERAL INFORMATION
fixed length control field 770505s1978 nyua 001 0 eng
040 ## - CATALOGING SOURCE
Original cataloging agency DLC
Transcribing agency DLC
Modifying agency BD-DhUET
082 00 - DEWEY DECIMAL CLASSIFICATION NUMBER
Classification number 620.11
Item number HIG/1978
100 ## - MAIN ENTRY--PERSONAL NAME
Personal name Higdon, Archie
245 00 - TITLE STATEMENT
Title Mechanics of materials
250 ## - EDITION STATEMENT
Edition statement 3rd ed.
260 ## - PUBLICATION, DISTRIBUTION, ETC. (IMPRINT)
Place of publication, distribution, etc. New York
Name of publisher, distributor, etc. John Wiley and Sons
Date of publication, distribution, etc. 1978
300 ## - PHYSICAL DESCRIPTION
Extent xiv, 752 p.
Other physical details ill.
Dimensions 24 cm.
504 ## - BIBLIOGRAPHY, ETC. NOTE
Bibliography, etc Includes bibliographies
650 #0 - SUBJECT ADDED ENTRY--TOPICAL TERM
Topical term or geographic name as entry element Strength of materials
700 ## - ADDED ENTRY--PERSONAL NAME
Personal name Ohlsen, Wdward H.
700 ## - ADDED ENTRY--PERSONAL NAME
Personal name Stiles , William B.
700 ## - ADDED ENTRY--PERSONAL NAME
Personal name Weese, John A.
942 ## - ADDED ENTRY ELEMENTS (KOHA)
Koha item type General Book
Holdings
Not for loan Damaged status Date acquired Koha collection Price effective from Koha renewals Koha issues (times borrowed) Withdrawn status Koha full call number Piece designation (barcode) Shelving location Sublocation or collection (holding branch) Copy number Koha date last borrowed Koha date last seen Source of classification or shelving scheme Lost status Location (home branch) Koha normalized classification for sorting Koha item type
  2014-11-29 2014-11-29   620.11/HIG/197861731Circulation sectionCentral Library, BUET7 2014-11-29  Central Library, BUET620_110000000000000_HIG_1978General Book
  2014-12-02 2014-12-02   620.11/HIG/197861725Circulation sectionCentral Library, BUET2 2014-12-02  Central Library, BUET620_110000000000000_HIG_1978General Book
  2014-12-02 2014-12-02   620.11/HIG/197861733Circulation sectionCentral Library, BUET3 2014-12-02  Central Library, BUET620_110000000000000_HIG_1978General Book
  2014-12-02 2014-12-0211 620.11/HIG/197861727Circulation sectionCentral Library, BUET42019-02-272024-02-13  Central Library, BUET620_000000000000000_11HIG1978General Book
  2014-12-02 2014-12-02   620.11/HIG/197861726Circulation sectionCentral Library, BUET5 2014-12-02  Central Library, BUET620_110000000000000_HIG_1978General Book
  2014-12-02 2014-12-02   620.11/HIG/197861728Circulation sectionCentral Library, BUET6 2014-12-02  Central Library, BUET620_000000000000000_11HIG1978General Book
  2014-12-02 2014-12-02   620.11/HIG/197861730Circulation sectionCentral Library, BUET1 2014-12-02  Central Library, BUET620_000000000000000_11HIG1978General Book
  2014-12-02 2014-12-02   620.11/HIG/197861732Circulation sectionCentral Library, BUET8 2014-12-02  Central Library, BUET620_000000000000000_11HIG1978General Book
  2015-01-10 2015-01-10   620.11/HIG/197861729Circulation sectionCentral Library, BUET9 2015-01-10  Central Library, BUET620_110000000000000_HIG_1978General Book
  2015-01-28Non Fiction2015-01-28   620.11/HIG/197861734Circulation sectionCentral Library, BUET10 2015-01-28  Central Library, BUET620_110000000000000_HIG_1978General Book